|
|
|
|
| LEADER |
02314cam a2200685 i 4500 |
| 001 |
nkc20172865981 |
| 003 |
CZ PrNK |
| 005 |
20170816085140.0 |
| 007 |
ta |
| 008 |
161206s2016 xr a e 001 0 cze d |
| 015 |
|
|
|a cnb002865981
|
| 020 |
|
|
|a 978-80-7530-050-8
|q (vázáno)
|
| 035 |
|
|
|a (OCoLC)1003285233
|
| 040 |
|
|
|a KLG001
|b cze
|d BOA001
|e rda
|
| 072 |
|
7 |
|a 398
|x Folklor. Lidové tradice
|2 Konspekt
|9 1
|
| 080 |
|
|
|a 82-7
|2 MRF
|
| 080 |
|
|
|a 159.942.3
|2 MRF
|
| 080 |
|
|
|a 7.04
|2 MRF
|
| 080 |
|
|
|a 398
|2 MRF
|
| 080 |
|
|
|a 784.4
|2 MRF
|
| 080 |
|
|
|a 398.86
|2 MRF
|
| 080 |
|
|
|a 82.09
|2 MRF
|
| 080 |
|
|
|a (0:82-192)
|2 MRF
|
| 080 |
|
|
|a (048.8)
|2 MRF
|
| 100 |
1 |
|
|a Putna, Martin C.,
|d 1968-
|7 jn19990009959
|4 aut
|
| 245 |
1 |
0 |
|a Písně absurdní :
|b kapitoly z kulturních dějin zpívaného smíchu /
|c Martin C. Putna
|
| 264 |
|
1 |
|a Praha :
|b Malvern,
|c 2016
|
| 300 |
|
|
|a 115 stran, 10 nečíslovaných stran :
|b ilustrace ;
|c 13 cm +
|e 1 CD
|
| 336 |
|
|
|a text
|b txt
|2 rdacontent
|
| 336 |
|
|
|a hraná hudba
|b prm
|2 rdacontent
|
| 337 |
|
|
|a bez média
|b n
|2 rdamedia
|
| 337 |
|
|
|a audio
|b s
|2 rdamedia
|
| 338 |
|
|
|a svazek
|b nc
|2 rdacarrier
|
| 338 |
|
|
|a audiodisk
|b sd
|2 rdacarrier
|
| 500 |
|
|
|a Nečíslované strany tištěny zvratmo
|
| 504 |
|
|
|a Obsahuje bibliografii a rejstřík
|
| 650 |
0 |
7 |
|a humor
|7 ph117205
|2 czenas
|
| 650 |
0 |
7 |
|a smích
|7 ph125726
|2 czenas
|
| 650 |
0 |
7 |
|a náměty, témata a motivy
|7 ph138485
|2 czenas
|
| 650 |
0 |
7 |
|a lidová slovesnost
|7 ph122308
|2 czenas
|
| 650 |
0 |
7 |
|a lidové písně
|7 ph122317
|2 czenas
|
| 650 |
0 |
7 |
|a humorné písně
|7 ph224036
|2 czenas
|
| 650 |
0 |
7 |
|a literárněvědné rozbory
|7 ph138745
|2 czenas
|
| 650 |
0 |
9 |
|a humor
|2 eczenas
|
| 650 |
0 |
9 |
|a laughter
|2 eczenas
|
| 650 |
0 |
9 |
|a themes and motives
|2 eczenas
|
| 650 |
0 |
9 |
|a folk literature
|2 eczenas
|
| 650 |
0 |
9 |
|a folk songs
|2 eczenas
|
| 650 |
0 |
9 |
|a humorous songs
|2 eczenas
|
| 650 |
0 |
9 |
|a literary criticism and history
|2 eczenas
|
| 655 |
|
7 |
|a písňové texty
|7 fd133190
|2 czenas
|
| 655 |
|
7 |
|a studie
|7 fd133597
|2 czenas
|
| 655 |
|
9 |
|a song texts
|2 eczenas
|
| 655 |
|
9 |
|a studies
|2 eczenas
|
| 910 |
2 |
|
|a BOA001
|b S-1378.875
|
| 920 |
|
|
|a 1107394
|z KLG001
|
| 990 |
|
|
|a BK
|
| 995 |
|
|
|a 01
|
| 991 |
|
|
|b 201702
|c NOV
|
| 996 |
6 |
|
|b 2610695648
|c S-1378.875
|l MZK
|r Sklad / do 24 hodin
|n 1
|p p.v.
|w 001597608
|u 000010
|a 1
|e BOA001
|j MZK50
|s P
|